000 00186 a2200097 4500
020 _a9788427209824
041 _aspa
100 _aKinney, Jeff
245 _aDario de Greg 12
942 _cBK
999 _c26502
_d26502